000
00236nam a22000857a 4500
008
160818b xxu||||| |||| 00| 0 eng d
100
_9
168
_a
Satish Kumar
245
_a
Akbar & Beerbal (Hindi)
260
_a
New Delhi
_b
Samaj Siksha publisher
_c
2007
999
_c
2826
_d
2826